| 000 | 00661cam a2200145 4500500 | ||
|---|---|---|---|
| 005 | 20251228092849.0 | ||
| 041 | _afre | ||
| 042 | _adc | ||
| 100 | 1 | 0 |
_aUeltschi, Karin _eauthor |
| 245 | 0 | 0 | _aGustav A. BECKMANN, Gualter del Hum – Gaiferos – Waltharius, Berlin–New York, De Gruyter, 2010 ; 1 vol. in-8o, X–198 p. (Beihefte zur Zeitschrift für romanische Philologie, 359). ISBN : 978-3-11-023450-3. Prix : € 69,95. |
| 260 | _c2012. | ||
| 500 | _a24 | ||
| 786 | 0 | _nLe Moyen Age | CXVII | 3 | 2012-04-14 | p. 651zo-704zo | 0027-2841 | |
| 856 | 4 | 1 | _uhttps://shs.cairn.info/revue-le-moyen-age-2011-3-page-651zo?lang=fr&redirect-ssocas=7080 |
| 999 |
_c1603729 _d1603729 |
||